Excel models for business and operations management /

A systems view of business. Model-building tools. Financial models. Worksheet applications in cost accounting. Marketing models. Purchase order processing: a database application.

Đã lưu trong:
Sonraí Bibleagrafaíochta
Príomhúdar: Barlow, John F.
Formáid: Leabhar
Teanga:English
Foilsithe: Chichester : John Wiley and Sons, 1999.
Ábhair:
Clibeanna: Cuir Clib Leis
Gan Chlibeanna, Bí ar an gcéad duine leis an taifead seo a chlibeáil!
Thư viện lưu trữ: Mạng thư viện Đại học Đà Nẵng
LEADER 01193cam a2200361 i 4500
001 000048581
003 8303
005 20030313151940.0
008 010322|1999 vm 000 eng
020 |a 0471983500 
040 |a IRC  |c IRC  |d IRC 
041 0 |a eng 
082 1 4 |a 005.369  |b BA-J 
100 1 |a Barlow, John F. 
245 0 0 |a Excel models for business and operations management /  |c John F. Barlow. 
260 |a Chichester :  |b John Wiley and Sons,  |c 1999. 
300 |a 375p. ;  |c 23.5cm. 
520 3 |a A systems view of business. Model-building tools. Financial models. Worksheet applications in cost accounting. Marketing models. Purchase order processing: a database application. 
630 0 4 |a Microsoft Excel. 
630 0 4 |a Computer programs. 
650 0 4 |a Microsoft Excel (Computer file) 
650 0 4 |a Business  |x Mathematical models  |x Computer programs. 
650 0 4 |a Business  |x Decision making  |x Mathematical models  |x Computer programs. 
OWN |a DUT 
999 |a From the UDN01 
TYP |a Monograph 
TYP |a Printed language 
980 |a Mạng thư viện Đại học Đà Nẵng